[Event "Rio de Janeiro Andrade Memorial 2nd"]
[Site "Rio de Janeiro"]
[Date "2018.09.08"]
[Round "3"]
[White "Cardoso, Marcio de Lucca"]
[Black "Da Cunha, Joao Victor Ximenes"]
[Result "1-0"]
[WhiteElo "1892"]
[BlackElo "1556"]
[PlyCount "115"]
[EventDate "2018.09.07"]
[EventType "swiss"]
[EventRounds "6"]
[EventCountry "BRA"]
[SourceTitle "CBM 186 Extra"]
[Source "ChessBase"]
[SourceDate "2018.08.24"]
[SourceVersion "1"]
[SourceVersionDate "2018.08.24"]
[SourceQuality "1"]

1. e4 c5 2. Nf3 e6 3. d4 cxd4 4. Nxd4 a6 5. Bd3 Qc7 6. 0-0 Nf6 7. Be3 Nc6 8. Nxc6 bxc6 9. c4 Be7 10. f4 d5 11. e5 Nd7 12. Nd2 Rb8 13. b3 Bc5 14. Qe2 Ba7 15. Rac1 c5 16. cxd5 exd5 17. Kh1 a5 18. Qh5 Bb7 19. e6 Nf6 20. exf7+ Qxf7 21. Qe5+ Qe7 22. Bb5+ Kf7 23. Qxe7+ Kxe7 24. Bxc5+ Bxc5 25. Rxc5 Kd6 26. Rfc1 d4 27. Kg1 Rhc8 28. Rxc8 Rxc8 29. Rxc8 Bxc8 30. Bd3 Kc5 31. a3 Nd5 32. g3 g6 33. Nc4 a4 34. b4+ Kc6 35. Kf2 Bf5 36. Ke2 Nc3+ 37. Kd2 Be6 38. Ne5+ Kd6 39. h4 Bd5 40. Ng4 Ke6 41. Nf2 Kf6 42. Nd1 Ne4+ 43. Bxe4 Bxe4 44. Nf2 Kf5 45. Nxe4 Kxe4 46. b5 Kd5 47. Kd3 Kc5 48. b6 Kxb6 49. Kxd4 Kc6 50. g4 Kd6 51. Kc4 h5 52. gxh5 gxh5 53. Kb4 Ke6 54. Kxa4 Kf5 55. Kb4 Kxf4 56. a4 Kg4 57. a5 Kxh4 58. a6 1-0

[Event "Rio de Janeiro Cortinhas Memorial 2nd"]
[Site "Rio de Janeiro"]
[Date "2018.05.25"]
[Round "1"]
[White "Baeta, Marcio Netto"]
[Black "Da Cunha, Joao Victor Ximenes"]
[Result "1-0"]
[WhiteElo "1984"]
[BlackElo "1530"]
[PlyCount "69"]
[EventDate "2018.05.25"]
[EventType "swiss"]
[EventRounds "5"]
[EventCountry "BRA"]
[SourceTitle "CBM 184 Extra"]
[Source "ChessBase"]
[SourceDate "2018.06.28"]
[SourceVersion "1"]
[SourceVersionDate "2018.06.28"]
[SourceQuality "1"]

1. e4 c5 2. d4 cxd4 3. Nf3 d6 4. Nxd4 Nf6 5. Nc3 a6 6. Bg5 e6 7. f4 Be7 8. Qf3 Qc7 9. 0-0-0 e5 10. Nf5 Bxf5 11. exf5 Qc6 12. Be2 Nbd7 13. Qxc6 bxc6 14. fxe5 Nxe5 15. Bxf6 gxf6 16. Na4 a5 17. Nb6 Rb8 18. Nc4 Nxc4 19. Bxc4 d5 20. Be2 Bc5 21. Bf3 Kd7 22. Rd3 Rhe8 23. Bh5 Re7 24. Rg3 Be3+ 25. Kb1 Bg5 26. Rd1 Bh6 27. c4 Re5 28. cxd5 cxd5 29. Rgd3 Rb5 30. Bxf7 Rxf5 31. Bxd5 Kc7 32. Rc3+ Kb8 33. Be4 Rf2 34. Rd8+ Ka7 35. Ra8+ 1-0

[Event "Rio de Janeiro Alex U1600 1st"]
[Site "Rio de Janeiro"]
[Date "2018.01.06"]
[Round "2.2"]
[White "Gomes, Pedro Pessoa"]
[Black "Da Cunha, Joao Victor Ximenes"]
[Result "1-0"]
[WhiteElo "1592"]
[BlackElo "1583"]
[PlyCount "47"]
[EventDate "2018.01.05"]
[EventType "tourn"]
[EventRounds "5"]
[EventCountry "BRA"]
[SourceTitle "EXT 2022"]
[Source "ChessBase"]
[SourceDate "2021.10.06"]
[SourceVersion "1"]
[SourceVersionDate "2021.10.06"]
[SourceQuality "1"]

1. c4 e5 2. Nc3 Nf6 3. g3 Nc6 4. Bg2 Bb4 5. Nd5 Nxd5 6. cxd5 Ne7 7. a3 Bc5 8. Nf3 d6 9. d4 exd4 10. Nxd4 0-0 11. b4 Bb6 12. Bb2 Nf5 13. 0-0 Nxd4 14. Bxd4 Qg5 15. Bxb6 axb6 16. Qc2 Qe7 17. Rfc1 Re8 18. e4 b5 19. Qxc7 Qf6 20. Bf1 h5 21. Bxb5 Rxe4 22. Bd3 Rd4 23. Qxc8+ Rxc8 24. Rxc8+ 1-0

[Event "Rio de Janeiro Alex U1600 1st"]
[Site "Rio de Janeiro"]
[Date "2018.01.05"]
[Round "1.3"]
[White "Da Cunha, Joao Victor Ximenes"]
[Black "De Albuquerque, Ian Telek C"]
[Result "0-1"]
[WhiteElo "1583"]
[BlackElo "1508"]
[PlyCount "64"]
[EventDate "2018.01.05"]
[EventType "tourn"]
[EventRounds "5"]
[EventCountry "BRA"]
[SourceTitle "EXT 2022"]
[Source "ChessBase"]
[SourceDate "2021.10.06"]
[SourceVersion "1"]
[SourceVersionDate "2021.10.06"]
[SourceQuality "1"]

1. e4 c5 2. Nf3 e6 3. d4 cxd4 4. Nxd4 a6 5. Nc3 Qc7 6. g3 Nf6 7. Bg2 Nc6 8. Be3 Be7 9. 0-0 0-0 10. a4 d6 11. f4 Bd7 12. Qf3 Nxd4 13. Bxd4 Bc6 14. Bxf6 Bxf6 15. Kh1 Be7 16. Qd3 Rac8 17. Qe2 b5 18. f5 Bd7 19. axb5 axb5 20. Ra6 b4 21. f6 Bxf6 22. Nb5 Qxc2 23. Qxc2 Rxc2 24. Nxd6 Rxb2 25. Ra7 Bc6 26. Rc1 Ba8 27. h4 b3 28. Nxf7 Rxg2 29. Kxg2 Bxe4+ 30. Kf1 Rxf7 31. Rxf7 Kxf7 32. Rc7+ Kg6 0-1

[Event "BRA-ch U14"]
[Site "Brasilia"]
[Date "2017.04.23"]
[Round "6"]
[White "Da Cunha, Joao Victor Ximenes"]
[Black "Cardoso, Enzo Rodrigues da C"]
[Result "0-1"]
[WhiteElo "1800"]
[BlackElo "1764"]
[PlyCount "122"]
[EventDate "2017.04.21"]
[EventType "swiss"]
[EventRounds "6"]
[EventCountry "BRA"]
[SourceTitle "CBM 177 Extra"]
[Source "ChessBase"]
[SourceDate "2017.04.27"]
[SourceVersion "1"]
[SourceVersionDate "2017.04.27"]
[SourceQuality "1"]

1. e4 c5 2. Nf3 Nc6 3. d4 cxd4 4. Nxd4 g6 5. Nc3 a6 6. Be3 Bg7 7. Bc4 Nf6 8. a4 0-0 9. 0-0 d6 10. h3 Bd7 11. Nde2 Qc7 12. Ng3 Rfb8 13. Qd2 Ne5 14. Bb3 Nc4 15. Bxc4 Qxc4 16. Bh6 Rc8 17. Bxg7 Kxg7 18. Qg5 Rc5 19. Qe3 b5 20. axb5 Bxb5 21. Nxb5 Rxb5 22. Qc3 Qxc3 23. bxc3 Rc5 24. Ra3 Rac8 25. Rxa6 Rxc3 26. Ra7 Kf8 27. Rfa1 Rxc2 28. Ra8 h5 29. Rxc8+ Rxc8 30. Kf1 h4 31. Ne2 Nxe4 32. Ra4 Nd2+ 33. Ke1 Rc4 34. Rxc4 Nxc4 35. g3 hxg3 36. fxg3 Kg7 37. Nf4 Ne5 38. Nd5 e6 39. Ne7 Kh6 40. Ke2 Kg5 41. h4+ Kg4 42. Kf2 g5 43. hxg5 Kxg5 44. Ke3 Nc4+ 45. Kd4 Na3 46. Nc8 d5 47. Nd6 Kf6 48. g4 Nc2+ 49. Kd3 Nb4+ 50. Kd4 Nc6+ 51. Kd3 Ne5+ 52. Ke3 Nxg4+ 53. Kf4 Nh6 54. Ne8+ Ke7 55. Ng7 Nf5 56. Nxf5+ exf5 57. Kxf5 Kd6 58. Kf4 Kc5 59. Ke3 Kc4 60. Ke2 Kc3 61. Ke1 d4 0-1

[Event "BRA-ch U14"]
[Site "Brasilia"]
[Date "2017.04.21"]
[Round "2"]
[White "Da Cunha, Joao Victor Ximenes"]
[Black "Da Veiga, Pedro Miguel Back"]
[Result "1/2-1/2"]
[WhiteElo "1800"]
[BlackElo "1743"]
[PlyCount "124"]
[EventDate "2017.04.21"]
[EventType "swiss"]
[EventRounds "6"]
[EventCountry "BRA"]
[SourceTitle "CBM 177 Extra"]
[Source "ChessBase"]
[SourceDate "2017.04.27"]
[SourceVersion "1"]
[SourceVersionDate "2017.04.27"]
[SourceQuality "1"]

1. e4 e5 2. Nf3 d6 3. Bc4 h6 4. c3 Bg4 5. h3 Bxf3 6. Qxf3 Qf6 7. Qxf6 Nxf6 8. d3 Nc6 9. 0-0 Be7 10. Bb3 0-0 11. Re1 Rfe8 12. Nd2 Rad8 13. Nf3 Bf8 14. Bc2 d5 15. exd5 Nxd5 16. Ba4 Nf6 17. Bxc6 bxc6 18. Rxe5 Rxd3 19. Rxe8 Nxe8 20. Be3 c5 21. Kf1 Nf6 22. Ke2 Rd8 23. Rd1 Rxd1 24. Kxd1 a5 25. Kd2 Nd5 26. Kd3 Nxe3 27. Kxe3 f5 28. Kd3 Bd6 29. Kc4 c6 30. Ne1 Kf7 31. Nd3 Ke6 32. Nxc5+ Ke5 33. Nb3 a4 34. Nc5 a3 35. bxa3 Kf4 36. Ne6+ Ke5 37. Nd8 Bxa3 38. Nxc6+ Kd6 39. Nb4 g5 40. Kb3 Bc1 41. a4 Bd2 42. a5 Be1 43. f3 Bf2 44. a6 Kc7 45. Ka4 Kb6 46. c4 f4 47. Nd3 Bd4 48. c5+ Kxa6 49. Kb4 Kb7 50. Kb5 Kc7 51. Nb4 Be5 52. Nd5+ Kd7 53. Kb6 Ke6 54. Nc7+ Kf5 55. Ne8 h5 56. c6 g4 57. hxg4+ hxg4 58. Ng7+ Kg6 59. Ne6 gxf3 60. gxf3 Kh5 61. c7 Bxc7+ 62. Kxc7 Kh4 1/2-1/2